| 000 | 00938nam a2200253 a 4500 | ||
|---|---|---|---|
| 001 | 64558 | ||
| 003 | BD-RjUL | ||
| 005 | 20211209081324.0 | ||
| 008 | 170216s1938 enkab b 001 0 eng d | ||
| 035 | _a(BD-RjUL)64688 | ||
| 040 |
_aDLC _cDLC _dBD-RjUL _beng |
||
| 041 | _aeng | ||
| 082 |
_223 _a943.7 _bWIC 1938 |
||
| 100 | 1 |
_aWiskemann, Elizabeth. _9191477 |
|
| 245 | 1 | 0 |
_aCzechs and Germans : _ba study of the struggle in the historic provinces of Bohemia and Moravia / _cby Elizabeth Wiskemann. |
| 260 |
_aLondon : _bOxford University Press, _c1938. |
||
| 300 |
_aviii, 299 p. : _bill. ; _c22 cm. |
||
| 504 | _aIncludes bibliographial references (p. [284]-287) and index. | ||
| 650 | 0 |
_aGermans _zCzech Republic _zBohemia. _9191478 |
|
| 650 | 0 |
_aGermans _zCzech Republic _zMoravia. _9191479 |
|
| 651 | 0 |
_aCzechoslovakia _xPolitics and government. _9191480 |
|
| 710 | 2 |
_aRoyal Institute of International Affairs. _9183145 |
|
| 942 |
_2ddc _cBK |
||
| 999 |
_c64558 _d64558 |
||